000 00370nam a2200109Ia 4500
008 230907s9999||||xx |||||||||||||| ||und||
082 _a697.93
_bHAR
245 4 _aThe ASHRAE guide for buildings in hot and humid climates /
260 _aAmerican Society of Heating, Refrigerating, and Air-Conditioning Engineers,
_bAtlanta, GA :
_c2009
300 _a316 p. :
942 _cBK
999 _c599500
_d599500